Raamatussa mainitut lintulajit - Statistics

Yleistilastot
  • Tätä visaa on pelattu 74 kertaa
  • Keskiarvotulos 9 / 18
Vastaustilastot
Hint Vastaus % Oikein
Pietari kieltää kolmesti tunteneensa Jeesuksen ennen kuin tämä lintu aamulla ääntelee. (Joh. 18:27) Kukko
80%
Toinen lintulaji, jonka Nooa päästää arkista ulos. (1.Moos. 7:8) Kyyhky
75%
Jeesuksen mukaan nämä kokoontuvat sinne, missä on haaska. (Luuk. 17:37) Korppikotka
74%
Kuningas Daavid on mielestään kuin tällainen autiomaassa: valvoo yönsä ja asuu raunioissa. (Ps. 101:7-8) Huuhkaja
69%
Ensimmäinen lintulaji, jonka Nooa päästää arkista ulos. (1.Moos. 7:7) Korppi
67%
Mooseksen mukaan Herra kuljetti kansaa erämaassa niin kuin tämä lintu suojelee pesäänsä ja liitelee poikastensa yllä. (5.Moos. 32:11) Kotka
62%
Puputtava lintu, jota israelilaiset eivät saa syödä (3.Moos 11:19) Harjalintu
56%
Jeremian mukaan nämä taitavat lentäjät osaavat saapua muutolta, kun niiden aika on (Jer. 8:7) Pääsky
56%
Mäntykankaiden salaperäinen lintu, jota israelilaiset eivät saa syödä. (3.Moos. 11:16) Kehrääjä
52%
Laivasto toi kuningas Salomonille apinoita, norsunluuta ja näitä näyttäviä eteläaasialaisia lintuja. (1.Kun. 10:22) Riikinkukko
49%
Sakaalitkin imettävät Jeremian mukaan poikasiaan, mutta Jerusalemin tyttäret hylkäävät pienokaisensa kuin nämä todella isot linnut (Valit. 4:3). Strutsi
49%
Israelilaisten ravintoa erämaavaelluksen aikana (2.Moos 16:13) Viiriäinen
49%
Kuningas Daavidin mukaan nämä isot linnut tekevät pesänsä Libanonin setrien latvaan. (Ps. 104:16-17) Haikara
41%
Suomalaisen urheiluseuran nimestä tuttu lintu, jota israelilaiset eivät saa syödä. (3.Moos 11:18) Pelikaani
41%
Näitä saa Jeesuksen mukaan kolikolla kaksi. (Matt.10:29-31) Varpunen
39%
Suomessa tavattava, mutta ei pesivä haukka, jota israelilaiset eivät saa syödä (3.Moos. 11:14). Isohaarahaukka
25%
Vainottukin tumma lintulaji, jota israelilaiset eivät saa syödä. (3.Moos 11:17) Merimetso
23%
Jeremian mukaan se, joka hankkii omaisuutensa vääryydellä, on kuin tämä isoja poikueita saava laji, joka hautoo vieraan linnun munia. (Jer. 17:11) Peltopyy
18%
Ehtoja vastaavia visoja ei löytynyt
Tulosjakauma
Jokaisen tuloksen saaneiden osuus
Persentiili vastausten määrän mukaan
Tuloshistoriasi
Et ole pelannut tätä visaa